Java program design /

Bibliographic Details
Main Author: Cohoon, James P.
Other Authors: Davidson, Jack W. (Jack Winfred)
Format: Book
Language:English
Published: Boston : McGraw-Hill Higher Education, [2004]
Subjects:

MARC

Tag First Indicator Second Indicator Subfields
LEADER 00000pam a22000004a 4500
001 in00001785721
005 20151025102147.0
008 030512s2004 iaua 001 0 eng
010 |a  2003053975 
020 |a 007235447X (alk. paper) 
020 |a 0071192557 (ISE : alk. paper) 
035 |a (OCoLC)ocm52295319 
040 |a DLC  |c DLC  |d TXA  |d UtOrBLW 
042 |a pcc 
049 |a TXAM 
050 0 0 |a QA76.73.J38  |b C656 2004 
082 0 0 |a 005.13/3  |2 21 
100 1 |a Cohoon, James P. 
245 1 0 |a Java program design /  |c James P. Cohoon, Jack W. Davidson. 
264 1 |a Boston :  |b McGraw-Hill Higher Education,  |c [2004] 
264 4 |c ©2004 
300 |a xxiii, 904 pages :  |b illustrations (some color) ;  |c 24 cm. 
336 |a text  |b txt  |2 rdacontent 
337 |a unmediated  |b n  |2 rdamedia 
338 |a volume  |b nc  |2 rdacarrier 
500 |a Includes index. 
650 0 |a Java (Computer program language) 
700 1 |a Davidson, Jack W.  |q (Jack Winfred) 
948 |a cataloged  |b h  |c 2003/9/25  |d c  |e ceaton  |f 1:53:36 pm 
994 |a E0  |b TXA 
999 |a MARS 
999 f f |s 821b4ddc-45e7-363f-b058-dabd555c0dba  |i 33afc45f-57e0-3796-bf9d-36f31a9da24d  |t 0 
952 f f |p normal  |a Texas A&M University  |b College Station  |c Sterling C. Evans Library  |d Evans: Library Stacks  |t 0  |e QA76.73.J38 C656 2004  |h Library of Congress classification  |i unmediated -- volume  |m A14830495444 
998 f f |a QA76.73.J38 C656 2004  |t 0  |l Evans: Library Stacks